Normal view MARC view
  • Micro Media

Entry Topical Term

Number of records used in: 1

001 - CONTROL NUMBER

  • control field: 101346

003 - CONTROL NUMBER IDENTIFIER

  • control field: NUST

005 - DATE AND TIME OF LATEST TRANSACTION

  • control field: 20221025131348.0

008 - FIXED-LENGTH DATA ELEMENTS

  • fixed length control field: 221025|| aca||aabn | a|a d

040 ## - CATALOGING SOURCE

  • Original cataloging agency: NUST
  • Transcribing agency: NUST

150 ## - HEADING--TOPICAL TERM

  • Topical term or geographic name entry element: Micro Media

670 ## - SOURCE DATA FOUND

  • Source citation: Work cat.: (NUST)180015: Maestri,George 101345, Inside 3D Stdio Max 2 (Include CD) :, 1998
© 2023 Central Library, National University of Sciences and Technology. All Rights Reserved.